000 00875nas a2200277 4500
001 BR2014004450
003 BR-BrBNA
005 20231205124249.0
007 ta
008 230509b bl.|||p| |||| 00| 00por d
040 _aBR-BrBNA
_bpor
_cBiblioteca Nacional de Agricultura
041 _a(En)
072 _aL51
100 1 _aBryden, W.L.
100 1 _aLi, X.
245 1 _aAmino acid digestibility and poutry formulation: expression, limitations and application
650 _aAVICULTURA
650 _aGALINHA
650 _aRAÇÃO
650 _aDIGESTIBILIDADE APARENTE
650 _aAMINOÁCIDO
773 0 _tRevista Brasileira de Zootecnia (Brazil)
_xISSN 1806-9290
_g(Jul 2010), v. 39(special number) p. 279-287
_wBR2014004450
856 4 0 _uhttp://www.scielo.br/pdf/rbz/v39sspe/31.pdf
909 _a202311
_bLúcia
_c55
_dLúcia Elande
942 _2AGRIS
_n0
_cANA
999 _c238179
_d238179